| 000 | 01070nam a22003257a 4500 | ||
|---|---|---|---|
| 001 | 000101903 | ||
| 003 | CHAP | ||
| 005 | 20220329143539.0 | ||
| 008 | 100511s1997 mx a r 00010 spa d | ||
| 010 | _a98366 | ||
| 011 | _a99338 | ||
| 035 | _a110024 | ||
| 040 | _cCHAP | ||
| 082 |
_a574.192 _bG13 |
||
| 100 | 0 | 0 |
_aGaleana de la Cruz, Mario. _944224 |
| 245 | 1 | 0 |
_aIntroducción a la bioquímica / _c/por Mario Galeana de la Cruz y Luz Ma. Rangel Olvera. |
| 260 |
_aChapingo, Méx. : _bUACH. Departamento de Preparatoria Agricola, _c1997. |
||
| 300 |
_a164 p. : _bilus., cuadros. |
||
| 590 |
_aBATCH-UPD _b10 _c20130110 _lUCH01 _h1619 |
||
| 590 |
_aBATCH-UPD _b10 _c20130410 _lUCH01 _h1014 |
||
| 590 |
_aBATCH-UPD _b10 _c20130914 _lUCH01 _h0645 |
||
| 590 |
_aCONVERSION _b10 _c20130109 _lUCH01 _h1354 |
||
| 590 |
_aE11695DGD _b10 _c20151016 _lUCH01 _h1111 |
||
| 650 | 1 | 4 |
_aBioquímica. _912849 |
| 700 |
_aRangel Nasaile, Luz María. _994612 |
||
| 901 | _aBK | ||
| 942 | _cLIBRO | ||
| 942 | _n0 | ||
| 949 |
_a574.192 G13 _bBC _cLIBRO _d33724002124389 _eLIBRO _h112436 _i110024 _so |
||
| 999 |
_c98366 _d98366 |
||